| 000 | 00710nam a2200253Ia 4500 | ||
|---|---|---|---|
| 003 | OSt | ||
| 005 | 20220918163655.0 | ||
| 006 | a|||||r|||| 00| 0 | ||
| 007 | ta | ||
| 008 | 220917b |||||||| |||| 00| 0 eng d | ||
| 020 | _a0195778154 (hbk) | ||
| 024 | _a43,228 | ||
| 037 | _cTextual | ||
| 040 |
_aARTS _cARTS _beng |
||
| 041 |
_2eng _aeng |
||
| 082 | _aV2:51xM88, N8 | ||
| 100 |
_aSyeda Saiyidain Hameed _914476 |
||
| 245 | 0 |
_aIslamic seal on India's independence _b Abul Kalam Azad- a fresh look |
|
| 260 |
_aKarachi _bOUP _c1998 |
||
| 300 |
_axxiii,203p. _ccm. |
||
| 650 | _aHISTORY | ||
| 942 |
_hV2:51xM88, N8 _cTEXL _2CC |
||
| 999 |
_c120715 _d120715 |
||